Makom.Kniha míst

Salvato in:
Dettagli Bibliografici
Autore principale: Cílek, Václav (Autore)
Natura: Libro
Lingua:ceco
Pubblicazione: Praha : Dokořán, 2004
Soggetti:
Tags: Aggiungi Tag
Nessun Tag, puoi essere il primo ad aggiungerne!!

MARC

LEADER 00000nam a22000003a 4500
001 stu127381
005 20150617225906.4
008 061004s2004------------------------cze-d
020 |a 80-86569-91-8 
040 |a STU  |b slo 
041 0 |a cze 
100 1 |a Cílek, Václav  |4 aut 
245 1 |a Makom.Kniha míst 
260 |a Praha :  |b Dokořán,  |c 2004 
300 |a 267 s 
650 7 |a Stredné Čechy  |2 stusub 
650 7 |a ochrana životného prostredia  |2 stusub 
650 7 |a ekológia krajiny  |2 stusub 
650 7 |a vedy spoločenské  |2 stusub 
996 |b 284AU03158  |c A*4787 U  |l AAKNAR  |s A  |a 24  |w stu127381_0001